| 000 | 00602nam a2200193Ia 4500 | ||
|---|---|---|---|
| 003 | SISC | ||
| 005 | 20240912141126.0 | ||
| 008 | 190109s9999 xx 000 0 und d | ||
| 020 | _a9782014015973 | ||
| 050 |
_aPC 2119 _b.H669 2017 |
||
| 100 | _aHirschsprung, Nathalie | ||
| 245 |
_cNathalie Hirschsprung, Tony Tricot _aCosmopolite 1: _bméthode de français A1/ |
||
| 260 |
_aParis: _bHachette Livre _c2017 |
||
| 300 |
_a222 pages : _bcol. illustrations ; _c280 cm. |
||
| 650 | _aFrench language -- spoken french | ||
| 650 | _aFrench language | ||
| 700 |
_aTricot, Tony _eauthor. |
||
| 942 |
_2lcc _cBK |
||
| 999 |
_c360340 _d360340 |
||